000 01424cam a22003737a 4500
003 CHAP
005 20220817044047.0
008 051110d2002 mx r 00110 spa d
010 _a91292
011 _a92264
020 _a9707012994
035 _a102828
040 _cCHAP
082 0 4 _a327
_bL7
100 0 0 _aLerman Alperstein, Aída.
_966302
245 1 3 _aMultilateralismo y regionalismo en América Latina
_c/por Aída Lerman Alperstein
260 _aMéxico, D. F. :
_bUniversidad Autónoma Metropolitana, Programa Integración en las Americas,
_c2002
300 _a144 p.
590 _aBATCH-UPD
_b10
_c20130110
_lUCH01
_h1333
590 _aBATCH-UPD
_b10
_c20130410
_lUCH01
_h0837
590 _aBATCH-UPD
_b10
_c20130914
_lUCH01
_h1016
590 _aCONVERSION
_b10
_c20130109
_lUCH01
_h1351
650 1 4 _aAmerica Latina
_xRelaciones exteriores
_xTratados.
_95410
650 1 4 _aComercio internacional.
_925641
650 1 4 _aRegionalización.
_995663
650 1 4 _aRelaciones económicas internacionales.
_995813
650 1 4 _aTratado Trilateral de Libre Comercio.
901 _aBK
905 _aElisama A. H.
942 _cLIBRO
949 _a327 L7
_bBC
_cLIBRO
_d33724000966875
_eLIBRO
_fc.2
_gI.c/e
_h106974
_i102828
_sb
_t$140.00
949 _a327 L7
_bBC
_cLIBRO
_d33724000966933
_eLIBRO
_fc.3
_gI.c/e
_h106975
_i102828
_sb
_t$140.00
949 _a327 L7
_bBC
_cLIBRO
_d33724000966941
_eLIBRO
_gI.c/e
_h106973
_i102828
_sb
_t$140.00
999 _c91292
_d91292